LIBRARY & INFORMATION CENTRE, KCAET, TAVANUR

ONLINE PUBLIC ACCESS CATALOGUE (OPAC)

Flow in open channels (Record no. 14807)

MARC details
000 -LEADER
fixed length control field 00359nam a22001457a 4500
020 ## - INTERNATIONAL STANDARD BOOK NUMBER
ISBN 9789332901339
082 ## - DEWEY DECIMAL CLASSIFICATION NUMBER
Classification number 532.54
Item number SUB/FL
100 ## - MAIN ENTRY--AUTHOR NAME
Personal name Subramanya K
245 ## - TITLE STATEMENT
Title Flow in open channels
250 ## - EDITION STATEMENT
Edition statement 4
260 ## - PUBLICATION, DISTRIBUTION, ETC. (IMPRINT)
Place of publication Chennai
Name of publisher McGraw Hill Education (India) Private Limited
Year of publication 2016
300 ## - PHYSICAL DESCRIPTION
Number of Pages 588p
650 ## - SUBJECT ADDED ENTRY--TOPICAL TERM
Topical Term Flow theory
942 ## - ADDED ENTRY ELEMENTS (KOHA)
Koha item type Books
Holdings
Withdrawn status Lost status Damaged status Collection code Home library Current library Shelving location Date acquired Source of acquisition Cost, normal purchase price Full call number Accession Number Koha item type
        KAUAET KAUAET General Stacks 24/03/2017 Calicut Books, Calicut 615.00 532.54 SUB/FL 25215 Books
        KAUAET KAUAET General Stacks 24/03/2017 Calicut Books, Calicut 615.00 532.54 SUB/FL 25216 Books
        KAUAET KAUAET General Stacks 24/03/2017 Calicut Books, Calicut 615.00 532.54 SUB/FL 25217 Books
        KAUAET KAUAET General Stacks 24/03/2017 Calicut Books, Calicut 615.00 532.54 SUB/FL 25218 Books
        KAUAET KAUAET General Stacks 24/03/2017 Calicut Books, Calicut 615.00 532.54 SUB/FL 25219 Books
        KAUAET KAUAET General Stacks 30/03/2017 Penta Book Distributors 615.00 532.54 SUB/FL 25559 Books
      General Books KAUAET KAUAET General Stacks 24/03/2023 Aman book stall,calicut 635.00 532.54 SUB/FL 26163 Books
free website counter